00750 2200265 4500001002100000005001700021008004100038020001800079035002400097090001500121100002000136245009300156250001100249260005600260300002800316500002700344500001100371650001200382700002400394850001500418980001500433985000600448999001500454999001500469YOGYA-0209000000202120090227020508.0 ind  a0-201-12974-4 0010-020900000002021 a512bKee P aKeedy, Mervin L aA problem-salving approach to intermediate algebracMervin L. Keedy, Marvin L. Bittinger aCet. 1 aCaliforniabAddison-Wesley Publishing Companyc1986 ax, 477 hlmbilusc23 cm aBibliografi : hlm. 477 aIndeks aAljabar aBittinger, Marvin L aYOPDYOG(B) a10-25-2005 a2 aA000010937 aA000014609